Roller girl / by Victoria Jamieson.
Available copies
- 3 of 3 copies available at LARL/NWRL Consortium. (Show)
- 1 of 1 copy available at Northwest Regional Library.
Current holds
0 current holds with 3 total copies.
Show Only Available Copies
| Location | Call Number / Copy Notes | Barcode | Shelving Location | Status | Due Date |
|---|---|---|---|---|---|
| Red Lake Falls Public Library | j G JAM (Text) | 35500006801276 | Main | Available | - |
Record details
- ISBN: 9780525429678
- ISBN: 9780803740167 (paperback)
- ISBN: 0803740166 (paperback)
- Physical Description: pages cm
- Publisher: New York : Dial Books, an imprint of Penguin Group (USA) Inc., [2015]
Content descriptions
| Summary, etc.: | "A graphic novel adventure about a girl who ... Read More |
Search for related items by subject
| Subject: | Graphic novels. Roller derby > Fiction. Roller skating > Fiction. Best friends > Fiction. Friendship > Fiction. |
| Genre: | Graphic novels. |
| LDR | 01633cam a22004458i 4500 | ||
|---|---|---|---|
| 001 | 174269 | ||
| 003 | LARL_NWRL_CONSORTIUM | ||
| 005 | 20150109111957.0 | ||
| 008 | 140502s2015 nyu j 6 000 1 eng | ||
| 010 | . | ‡a2014011310 | |
| 019 | . | ‡a881206243 | |
| 020 | . | ‡a9780525429678 | |
| 020 | . | ‡a9780803740167 (paperback) | |
| 020 | . | ‡a0803740166 (paperback) | |
| 035 | . | ‡a(OCoLC)879119440 ‡z(OCoLC)881206243 | |
| 040 | . | ‡aDLC ‡beng ‡erda ‡cDLC ‡dBDX ‡dYDXCP ‡dBTCTA | |
| 042 | . | ‡alcac ‡apcc | |
| 050 | 0 | 0. | ‡aPZ7.7.J36 ‡bRo 2015 |
| 082 | 0 | 0. | ‡a741.5/973 ‡223 |
| 100 | 1 | . | ‡aJamieson, Victoria. ‡0(LARL_NWRL_CONSORTIUM)197652 |
| 245 | 1 | 0. | ‡aRoller girl / ‡cby Victoria Jamieson. |
| 260 | . | ‡aNew York : ‡bDial Books, an imprint of Penguin Group (USA) Inc., ‡c[2015] | |
| 300 | . | ‡apages cm | |
| 336 | . | ‡atext ‡2rdacontent | |
| 336 | . | ‡astill image ‡2rdacontent | |
| 337 | . | ‡aunmediated ‡2rdamedia | |
| 338 | . | ‡avolume ‡2rdacarrier | |
| 520 | . | ‡a"A graphic novel adventure about a girl who discovers roller derby right as she and her best friend are growing apart"-- ‡cProvided by publisher. | |
| 650 | 1. | ‡aGraphic novels. ‡0(LARL_NWRL_CONSORTIUM)40036 | |
| 650 | 1. | ‡aRoller derby ‡vFiction. | |
| 650 | 1. | ‡aRoller skating ‡vFiction. | |
| 650 | 1. | ‡aBest friends ‡vFiction. ‡0(LARL_NWRL_CONSORTIUM)168959 | |
| 650 | 1. | ‡aFriendship ‡vFiction. ‡0(LARL_NWRL_CONSORTIUM)164944 | |
| 655 | 0. | ‡aGraphic novels. | |
| 948 | . | ‡hNO HOLDINGS IN LAL - 11 OTHER HOLDINGS | |
| 994 | . | ‡aZ0 ‡bLAL | |
| 901 | . | ‡a174269 ‡bOCLC ‡c174269 ‡tbiblio | |

Add to basket
Permalink
Enable Highlighting